| 000 | 01865cam a2200469 i 4500 | ||
|---|---|---|---|
| 001 | 017133785 | ||
| 003 | EG-ScBUE | ||
| 005 | 20230119093619.0 | ||
| 008 | 150325k20102015caua f 001 0 eng d | ||
| 020 | _a9780321934949 (v. 1) | ||
| 020 | _a0321934946 (v. 1) | ||
| 020 | _a9780321948540 (v. 2) | ||
| 020 | _a0321948548 (v. 2) | ||
| 020 | _a9780321617651 (v. 3) | ||
| 020 | _a0321617657 (v. 3) | ||
| 020 | _a9780321773029 (v. 4) | ||
| 020 | _a0321773020 (v. 4) | ||
| 020 | _a9780133856880 (v. 5) | ||
| 020 | _a0133856887 (v. 5) | ||
| 020 | _a9780133988062 (set) | ||
| 020 | _a0133988066 (set) | ||
| 040 |
_aStDuBDS _beng _erda _cStDuBDS _dEG-ScBUE _dEG-ScBUE |
||
| 082 | 0 | 4 |
_a775 _bKEL _222 |
| 100 | 1 |
_aKelby, Scott, _eauthor. _938156 |
|
| 245 | 1 | 4 |
_aThe digital photography book : _bthe step-by-step secrets for how to make your photos look like the pros'! / _cScott Kelby. |
| 250 | _aSecond edition. | ||
| 264 | 1 |
_a[Berkeley] : _bPeachpit Press, _c2010-2015. |
|
| 300 |
_a5 volumes : _bcolor illustrations ; _c23 cm |
||
| 336 |
_2rdacontent _atext _btxt |
||
| 337 |
_2rdamedia _aunmediated _bn |
||
| 338 |
_2rdacarrier _avolume _bnc |
||
| 500 | _aIncludes index. | ||
| 505 | 0 | _aBook 1 -- Book 2 -- Book 3 -- Book 4 -- Book 5. | |
| 520 | _aFurnishes an overview of the latest in digital technology, including cameras and equipment, as well as the essential techniques and skills of the photographic process--exposure, lighting, shutter speed, depth of field and resolution--and tips on how to avoid hours of photo editing by taking great photos the first time | ||
| 650 | 7 |
_aPhotography _xDigital techniques. _2BUEsh _937027 |
|
| 650 | 7 |
_aDigital cameras. _2BUEsh |
|
| 650 | 7 |
_aImage processing _xDigital techniques. _2BUEsh |
|
| 651 | _2BUEsh | ||
| 653 |
_bCOMAME _cAugust2015 _cFebruary2016 |
||
| 655 | _vReading book | ||
| 942 |
_2ddc _cBB |
||
| 999 |
_c20644 _d20616 |
||